|
|
|
|
| LEADER |
00000nam2a2200000 4500 |
| 001 |
38957 |
| 005 |
20231101210530.0 |
| 035 |
|
|
|a (RuTPU)RU\TPU\book\39789
|
| 090 |
|
|
|a 38957
|
| 100 |
|
|
|a 20020321d1982 k y0rusy50 ca
|
| 101 |
0 |
|
|a rus
|
| 102 |
|
|
|a RU
|
| 105 |
|
|
|a aс z 000zy
|
| 200 |
0 |
|
|a Кн. 1 : Технология станкостроения
|
| 210 |
|
|
|d 1982
|
| 215 |
|
|
|a 239 с.
|c ил., портр.
|
| 316 |
|
|
|5 63413507: 89-7877
|a На титульном листе дарственная надпись: "Томскому Политехническому институту им. С. М. Кирова от семьи Балакшиных 1.02.83 г. Москва Балакшин. В стенах ин-та Борис Сергеевич Балакшин получил знания, которые легли в основу новых теорий в области машиностроения им разработанных и широко используемых на благо Родины."
|
| 461 |
|
1 |
|0 (RuTPU)RU\TPU\book\39788
|t Теория и практика технологии машиностроения
|o избранные труды
|o в 2 кн.
|f Б. С. Балакшин
|v Кн. 1 : Технология станкостроения
|d 1982
|
| 606 |
1 |
|
|a Машиностроение
|x Технология
|2 stltpush
|3 (RuTPU)RU\TPU\subj\41485
|9 61275
|
| 606 |
1 |
|
|a Станкостроение
|2 stltpush
|3 (RuTPU)RU\TPU\subj\73089
|9 86297
|
| 610 |
1 |
|
|a сборка
|
| 610 |
1 |
|
|a корпусы
|
| 610 |
1 |
|
|a коробки
|
| 610 |
1 |
|
|a шпиндели
|
| 610 |
1 |
|
|a ходовые винты
|
| 610 |
1 |
|
|a зубчатые колеса
|
| 610 |
1 |
|
|a изготовление
|
| 610 |
1 |
|
|a дарственные надписи
|
| 610 |
1 |
|
|a дары библиотеке
|
| 610 |
1 |
|
|a Коллекция ТПУ
|
| 675 |
|
|
|a 621.002
|v 3
|
| 675 |
|
|
|a 621.9.06.002
|v 3
|
| 801 |
|
1 |
|a RU
|b 63413507
|c 20020321
|g PSBO
|
| 801 |
|
2 |
|a RU
|b 63413507
|c 20210115
|g PSBO
|
| 942 |
|
|
|c BK
|